| 000 | 01630cam a2200301 a 4500 | ||
|---|---|---|---|
| 005 | 20160113074442.0 | ||
| 008 | 930217r1992 ck ab b 000 0 spa | ||
| 020 | _a9589129234 | ||
| 040 |
_aDLC _cDLC _dDLC _dCO-BOIAvH |
||
| 041 | 1 |
_aspa _heng |
|
| 044 | _ack | ||
| 082 |
_a577.6970 _bR33r |
||
| 245 | 1 | 4 |
_aLas regiones tropicales americanas : _bvisión geográfica de James J. Parsons / _ceditado por Joaquín Molano B. |
| 250 | _a1. ed. | ||
| 260 |
_aBogotá, Colombia : _bFondo FEN Colombia, _c1992. |
||
| 300 |
_axxvii, 427 páginas : _bilustraciones., mapas ; _c25 centímetros. |
||
| 500 | _a"Los escritos aquí reunidos, fueron seleccionados, principalmente, de su libro Hispanic lands and peoples (... Westview Press, Dellplain Latin American Studies, n. 23, 1989); y de publicaciones periódicas especializadas de América"--T.p. verso. | ||
| 504 | _aIncluye referencias bibliográficas | ||
| 520 | 1 | _a"Magnificent edition of articles translated into Spanish, by the late Berkeley geographer, James J. Parsons (1914-97). Approximately half are studies on Colombia. Parsons was known for his masterful ability to understand, from direct observation, the interraction between nature and culture"--Handbook of Latin American Studies, v. 57. | |
| 650 | 0 |
_aHuman ecology _zLatinoamerica |
|
| 650 | 0 | _aEcología humana | |
| 650 | 0 |
_aHuman ecology _zColombia. |
|
| 650 | 0 |
_aSavannas _zLatin America. |
|
| 651 | 0 |
_aLatin America _xHistorical geography. |
|
| 651 | 0 |
_aColombia _xHistorical geography. |
|
| 700 | 2 |
_aMolano Barrero, Joaquín. _eeditor |
|
| 942 |
_2ddc _cLIBRO |
||
| 999 |
_c198 _d198 |
||